|
|
|
|
| LEADER |
01122nam a2200277 a 4500 |
| 001 |
4770648 |
| 008 |
120910s1987 nyua 000 0 eng d |
| 999 |
|
|
|c 12830
|d 12830
|
| 010 |
|
|
|a 86024342
|
| 020 |
|
|
|a 0486253325 (pbk.)
|
| 040 |
|
|
|a DLC
|c DLC
|d DLC
|d BD-DhAAL
|
| 041 |
1 |
|
|a engfre
|
| 082 |
0 |
0 |
|a 711.40904
|2 19
|
| 100 |
0 |
|
|a Le Corbusier,
|d 1887-1965.
|9 32295
|
| 240 |
1 |
0 |
|a Urbanisme.
|l English
|
| 245 |
1 |
4 |
|a The city of to-morrow and its planning /
|c by Le Corbusier ; translated from the 8th French edition of Urbanisme and with an introduction by Frederick Etchells.
|
| 260 |
|
|
|a New York :
|b Dover,
|c 1987.
|
| 300 |
|
|
|a xxvii, 301 p. :
|b ill. ;
|c 25 cm.
|
| 500 |
|
|
|a Translation of: Urbanisme.
|
| 526 |
|
|
|a ARC
|
| 541 |
|
|
|a 00025929
|
| 650 |
|
0 |
|a City planning
|x Forecasting.
|9 32296
|
| 650 |
|
0 |
|a City planning
|x History
|y 20th century.
|9 32297
|
| 852 |
1 |
|
|a Ayesha Abed Library
|j General shelf
|
| 942 |
|
|
|2 ddc
|c BK
|
| 952 |
|
|
|0 0
|1 0
|4 0
|6 711_409040000000000_LEC
|7 0
|9 21107
|a BRACUL
|b BRACUL
|c GEN
|d 2012-09-10
|e Karim International
|g 3500.00
|l 12
|m 71
|o 711.40904 LEC
|p 3010025929
|q 2026-07-30
|r 2025-03-12
|s 2025-03-12
|t 1
|w 2012-09-10
|y BK
|